书目信息 |
| 题名: |
城镇建设工程概预算编制手册
|
|
| 作者: | 张婉珍 编 | |
| 分册: | ||
| 出版信息: | 北京 中国建筑工业出版社 |
|
| 页数: | 549页 | |
| 开本: | 32开 | |
| 丛书名: | ||
| 单 册: | ||
| 中图分类: | F407.9 | |
| 科图分类: | ||
| 主题词: | 工业经济--经济理论 | |
| 电子资源: | ||
| ISBN: | 7-112-01350-X | |
| 000 | 00594nam0 2200193 45 | |
| 001 | 0006101579 | |
| 005 | 20000610153718.2 | |
| 010 | @a7-112-01350-X@d13.00元 | |
| 100 | @a20000610d km y0chiy0120 ea | |
| 101 | 0 | @achi |
| 105 | @a z 000yy | |
| 200 | 1 | @a城镇建设工程概预算编制手册@ACheng Zhen Jian She Gong Cheng Gai Yu Suan Bian Zhi Shou Ce@f张婉珍编@FZhang Wan Zhen Bian |
| 210 | @a北京@c中国建筑工业出版社 | |
| 215 | @a549页@d32开 | |
| 606 | 0 | @a工业经济@x经济理论 |
| 690 | @aF407.9@v3 | |
| 701 | 0 | @a张婉珍@4编 |
| 801 | @aCN@bPftUser@c20000610 | |
| 905 | @b202303-307@dF407.9@eZ953@f5 | |
| 城镇建设工程概预算编制手册/张婉珍编.-北京:中国建筑工业出版社 |
| 549页;32开 |
| ISBN 7-112-01350-X:13.00元 |
| ● |
| 相关链接 |
|
|
|
正题名:城镇建设工程概预算编制手册
索取号:F407.9/Z953
 
预约/预借
| 序号 | 登录号 | 条形码 | 馆藏地/架位号 | 状态 | 备注 |
| 1 | 202303 | 202023032 | 社科库409/400B社科库 2排4列1层/ [索取号:F407.9/Z953] | 在馆 | |
| 2 | 202304 | 202023041 | 社科库409/400B社科库 2排4列2层/ [索取号:F407.9/Z953] | 在馆 | |
| 3 | 202305 | 202023050 | 社科库409/400B社科库 2排4列2层/ [索取号:F407.9/Z953] | 在馆 | |
| 4 | 202306 | 202023069 | 管理学院资料室/ [索取号:F407.9/Z953] | 在馆 | |
| 5 | 202307 | 202023078 | 社科库409/400B社科库 2排4列1层/ [索取号:F407.9/Z953] | 在馆 |